Largest Texas Border Cities - Statistics

General Stats
  • This quiz has been taken 24 times
  • The average score is 5 of 10
Answer Stats
Pop. City % Correct
679 k El Paso
100%
187 k Brownsville
86%
142 k McAllen
81%
255 k Laredo
76%
100 k Edinburg
57%
85.8 k Mission
33%
79.7 k Pharr
29%
71.8 k Harlingen
24%
35.3 k San Juan
19%
40.2 k Weslaco
14%
No matching quizzes found
Score Distribution
Percent of People with Each Score
Percentile by Number Answered
Your Score History
You have not taken this quiz